Activity of essential oils in vapor phase against bread spoilage fungi

Elmentve itt :
Bibliográfiai részletek
Szerzők: Krisch Judit
Rentskenhand Tserennadmid
Horváth Gergő
Vágvölgyi Csaba
Dokumentumtípus: Cikk
Megjelent: Szegedi Tudományegyetem 2013
Sorozat:ACTA BIOLOGICA SZEGEDIENSIS 57 No. 1
mtmt:3160145
Online Access:http://publicatio.bibl.u-szeged.hu/12499
LEADER 00752nab a2200217 i 4500
001 publ12499
005 20200310113550.0
008 171219s2013 hu o 0|| zxx d
022 |a 1588-385X 
024 7 |a 3160145  |2 mtmt 
040 |a SZTE Publicatio Repozitórium  |b hun 
041 |a zxx 
100 1 |a Krisch Judit 
245 1 0 |a Activity of essential oils in vapor phase against bread spoilage fungi  |h [elektronikus dokumentum] /  |c  Krisch Judit 
260 |a Szegedi Tudományegyetem  |c 2013 
300 |a 9-12 
490 0 |a ACTA BIOLOGICA SZEGEDIENSIS  |v 57 No. 1 
700 0 1 |a Rentskenhand Tserennadmid  |e aut 
700 0 1 |a Horváth Gergő  |e aut 
700 0 1 |a Vágvölgyi Csaba  |e aut 
856 4 0 |u http://publicatio.bibl.u-szeged.hu/12499/1/5709.pdf  |z Dokumentum-elérés